000 00361 a2200157 4500
001 177461
020 _a
040 _cMagnum
100 _aMoya,alvaro de
240 1 0 _aHistoria da historia em quadrinhos
_lpor
245 1 0 _aHistoria da historia em quadrinhos
362 0 _a1899
440 1 _aBrasiliense
697 _aMAGNITO: PARADIDATICO
942 _cBK
999 _c177461
_d177461